Teacher training and the pre-secondary schoolchild.

Gorde:
Xehetasun bibliografikoak
Egile nagusia: Woodman, Kieran
Formatua: Liburua
Hizkuntza:English
Argitaratua: Galway, University College, Galway, 1973.
Gaiak:
LEADER 00821nam a2200241 4500
001 c000410602
003 CARM
005 00000000000000.0
008 740828s1973 ie ae 00000 eng
015 |a GB73-27324 
019 1 |a 336416 
020 |a 0904127001 
040 |a VDU  |c VDU 
050 0 0 |a LB1715  |b .W59 
082 0 4 |a 373.236 
100 1 |a Woodman, Kieran. 
245 1 0 |a Teacher training and the pre-secondary schoolchild. 
260 0 |a Galway,  |b University College, Galway,  |c 1973. 
300 |a 74 p.  |b illus., plans.  |c 22 cm. 
650 0 |a Primary school teachers  |x Training of. 
852 8 |b CARM  |h A3:AF30F0  |i C12728  |p 0566321  |f BK 
999 f f |i 97ccd8cf-cdc8-56a0-9074-68e77c2caf4f  |s df407812-7c38-5e19-a220-c7a0323fcb28 
952 f f |p Can circulate  |a CAVAL  |b CAVAL  |c CAVAL  |d CARM 1 Store  |e C12728  |f A3:AF30F0  |h Other scheme  |i book  |m 0566321